Statistics for Top 10 most diverse countries

Click here to take the quiz!

General Stats

  • This quiz has been taken 39 times
  • The average score is 9 of 10

Answer Stats

Rank% of diversityAnswer% Correct
985.05Nigeria
100%
487.47Democratic Republic of the Congo
95%
885.88Kenya
92%
1082.95Central African Republic
89%
587.47Republic of the Congo
89%
686.35Cameroon
87%
786.20Chad
87%
193.02Uganda
82%
290.84Liberia
68%
387.91Madagascar
66%

Score Distribution

Percentile by Number Answered

Percent of People with Each Score

Your Score History

You have not taken this quiz